Relation between clone type, latex sucrose content and the occurrence of tapping panel dryness in Hevea brasiliensis (Record no. 66664)

MARC details
000 -LEADER
fixed length control field 00663nam a2200217Ia 4500
100 ## - MAIN ENTRY--AUTHOR NAME
Personal name Gohet E
245 #0 - TITLE STATEMENT
Title Relation between clone type, latex sucrose content and the occurrence of tapping panel dryness in Hevea brasiliensis
260 ## - PUBLICATION, DISTRIBUTION, ETC. (IMPRINT)
Name of publisher IRRDB Workshop on Tapping Panel Dryness in Hevea brasiliensis, Hainan, China, 1997; p21-27
650 ## - SUBJECT ADDED ENTRY--TOPICAL TERM
Topical Term Hevea brasiliensis
650 ## - SUBJECT ADDED ENTRY--TOPICAL TERM
Topical Term Latex sucrose content
650 ## - SUBJECT ADDED ENTRY--TOPICAL TERM
Topical Term TPD
700 ## - ADDED ENTRY--PERSONAL NAME
Personal name Clement A
700 ## - ADDED ENTRY--PERSONAL NAME
Personal name dAuzac J
700 ## - ADDED ENTRY--PERSONAL NAME
Personal name Jacob
700 ## - ADDED ENTRY--PERSONAL NAME
Personal name Keli J Z
700 ## - ADDED ENTRY--PERSONAL NAME
Personal name Kouadio D
700 ## - ADDED ENTRY--PERSONAL NAME
Personal name Obouayeba S
700 ## - ADDED ENTRY--PERSONAL NAME
Personal name Prevot J C
942 ## - ADDED ENTRY ELEMENTS (KOHA)
Koha item type Journals
Holdings
Withdrawn status Lost status Damaged status Not for loan Home library Current library Shelving location Date acquired Koha item type
      Journals RRII Library RRII Library Physiology 17/12/2021 Journals